01013nam a22002297a 4500999001900000005001700019010001300036020002700049035001300076037001300089082001300102100002100115245013700136250001200273260005200285270008500337300003300422500007000455650002400525942002700549952020700576 c165981d16598120190709111244.0 aB-728402 c1499.00a9789339205102 aB-728402 bRK Books a332.6322 aPring,Martin J.  aTechnical analysis explained: the successful investor's guide to spotting investment trends and turning points /cby Martin J. Pring a5th ed. aNew DelhibMcGraw Hill Education c2018 (repr.) a444/1, Sri Ekambara Naicker Industrial Estate, Alapakkam, PorurbChennaie600116 axxiv,797p.:c23cm(pbk)bill. aIncludes appendix, glossary, bibliographical references and index aInvestment analysis 2ddccENmPRIh332.6322 001040708NFICaLbLd2019-07-09eRK Books/IN646/2019-20/26-06-19/13/13-06-19/28-06-19g1499.00l12m11o332.6322 PRIpB-728402r2025-06-16 00:00:00s2025-05-03t1v1499.00w2019-07-09yENzSpl. Power